Les adoptions politiques à Rome sous la République et le Principat

Guardat en:
Dades bibliogràfiques
Autor principal: Prevost, Marcel-Henri (Autor)
Format: Llibre
Idioma:italià
Publicat: París Sirey 1949
Col·lecció:Publications del Institut de Droit Romain de l'Université de Paris
Matèries:
Etiquetes: Afegir etiqueta
Sense etiquetes, Sigues el primer a etiquetar aquest registre!

MARC

LEADER 00000nam a2200000 a 4500
001 UCR0929
003 CL-VaPUC
008 971205e19490000FR |||||||||||||||||ita|d
082 0 4 |a 340.54  |b PRE  |2 21 
100 0 |a Prevost, Marcel-Henri  |e author  |9 397571 
245 1 4 |a Les adoptions politiques à Rome sous la République et le Principat 
300 |a 72 p 
942 |c BK 
945 |d 19971205 00:00:00  |a aolguin 
260 |a París  |b Sirey  |c 1949 
650 0 |a Derecho romano  |9 255930 
650 0 |a Derecho público   |9 255910 
650 7 |a ESTRUCTURA POLITICA  |2 CL-VaPUC  |9 397572 
650 0 |a República  |9 310048 
650 7 |a PRINCIPADO  |2 CL-VaPUC  |9 397573 
650 0 |a Adopción política  |9 397574 
650 0 |a Adopción romana   |z Roma imperial  |9 397567 
583 |a last modification  |c 19971205 00:00:00  |k Rodrigo Vera 
490 0 |a Publications del Institut de Droit Romain de l'Université de Paris 
999 |c 264427  |d 264425 
952 |0 0  |1 0  |2 ddc  |4 0  |6 340_540000000000000_PRE_1949  |7 0  |8 DER_ROM  |9 294704  |a BIBDER  |b BIBDER  |d 2019-11-19  |i 1898914  |o 340.54 PRE 1949  |p 1898914  |r 2023-01-25  |w 2019-11-19  |x Ubicación 4to piso  |y MX  |z Este recurso debe solicitarse con anticipación  |k DER